Cuarto -IV- censo de manufactura, 1975. Tomo 2: Resultados por rama de actividad /
Gespeichert in:
| Körperschaft: | |
|---|---|
| Format: | Text |
| Sprache: | Spanish |
| Veröffentlicht: |
San José:
MEIC. DGEC. Sección de Publicaciones
|
| Schlagworte: | |
| Tags: |
Tag hinzufügen
Keine Tags, Fügen Sie den ersten Tag hinzu!
|
MARC
| LEADER | 00000 a a2200000 04500 | ||
|---|---|---|---|
| 001 | 15976 | ||
| 003 | cru IIS | ||
| 005 | 20220516181237.0 | ||
| 008 | 220516b1978 cr ||||| |||| 00| 0 spa d | ||
| 040 | |c cru IIS | ||
| 090 | |a 08.01.01 CR8375c (IV) 1975 T.2 | ||
| 110 | |a Costa Rica. Ministerio de Economía, Industria y Comercio. Dirección General de Estadística y Censos | ||
| 245 | |a Cuarto -IV- censo de manufactura, 1975. |b Tomo 2: Resultados por rama de actividad / |c República de Costa Rica. Ministerio de Economía, Industria y Comercio. Dirección General de Estadística y Censos | ||
| 260 | |a San José: |b MEIC. DGEC. Sección de Publicaciones | ||
| 300 | |a 72 páginas | ||
| 650 | |a INDUSTRIA | ||
| 650 | |a CENSOS | ||
| 651 | 0 | |9 32 |a COSTA RICA | |
| 942 | |2 z |c LI | ||
| 999 | |c 12119 |d 12119 | ||
